| 000 | 00361nam a22001097a 4500 | ||
|---|---|---|---|
| 008 | 230606b xxu||||| |||| 00| 0 eng d | ||
| 082 |
_a338.19 _bGOK |
||
| 245 |
_aFood Insecurity Assessment in Kenya _bBased on Kenya Integrated Household Budget Survey, 2005/06 |
||
| 260 |
_aNairobi _bKenya National Bureau of Statistics _cApril, 2008 |
||
| 300 | _a40 | ||
| 942 |
_2ddc _cBK |
||
| 999 |
_c525 _d525 |
||